Movies Quiz

Random Movies or Actress Quiz

3 Films, 1 Actor, 1 Year II Quiz Stats

 Plays Quiz Updated Oct 3, 2017

Challenge
Share
Tweet
Embed
Score 0/30 Timer 06:00
0 Plays Today
% Correct
Ben Stiller
87.8%
Ben Affleck
86.3%
Kristen Stewart
85%
Dwayne Johnson
84.9%
Bradley Cooper
84.9%
Adam Sandler
83.5%
Meg Ryan
83.1%
Keanu Reeves
82.1%
Hugh Jackman
81.9%
Kevin Spacey
79.8%
Kristen Wiig
79.1%
James Franco
77.5%
Mark Wahlberg
76%
Winona Ryder
75.6%
Emma Stone
74.5%
% Correct
Nicolas Cage
71.6%
Penélope Cruz
69.3%
Liam Neeson
63.1%
James Stewart
62.7%
Elizabeth Banks
60.8%
Donald Sutherland
60.6%
Mahershala Ali
59.7%
Humphrey Bogart
58.6%
Tilda Swinton
58.4%
Matthew McConaughey
56.2%
Anthony Hopkins
55.9%
Henry Fonda
54.9%
John C. Reilly
52.6%
Domhnall Gleeson
50.8%
Idris Elba
50.1%

You're not logged in!

Compare scores with friends on all Sporcle quizzes.
Join for Free
OR
Log In

You Might Also Like...

Show Comments

Extras

Top Quizzes Today


Score Distribution

Your Account Isn't Verified!

In order to create a playlist on Sporcle, you need to verify the email address you used during registration. Go to your Sporcle Settings to finish the process.

Report this User

Report this user for behavior that violates our Community Guidelines.

Details: